[Event "World Youth & Cadets Rapid Championships"]
[Site "Rhodes, Greece"]
[Date "2022.05.01"]
[Round "4.44"]
[White "Gawerska, Karolina"]
[Black "Galmidi, Ester"]
[Result "1-0"]
[TimeControl "10'/game & 5\"/move"]
[WhiteElo "1161"]
[BlackElo "1069"]

1. d4 {[%clk 00:10:08]} {[%emt 00:00:02]} d5 {[%clk 00:10:03]} {[%emt
00:00:07]} 2. c4 {[%clk 00:10:11]} {[%emt 00:00:02]} c6 {[%clk 00:10:05]}
{[%emt 00:00:03]} 3. Nc3 {[%clk 00:10:14]} {[%emt 00:00:02]} Nf6 {[%clk
00:10:07]} {[%emt 00:00:03]} 4. Nf3 {[%clk 00:10:16]} {[%emt 00:00:04]} Bg4
{[%clk 00:10:06]} {[%emt 00:00:06]} 5. Bg5 {[%clk 00:10:18]} {[%emt 00:00:04]}
h6 {[%clk 00:10:07]} {[%emt 00:00:03]} 6. Bh4 {[%clk 00:10:13]} {[%emt
00:00:10]} Nbd7 {[%clk 00:09:38]} {[%emt 00:00:34]} 7. h3 {[%clk 00:10:15]}
{[%emt 00:00:03]} Bxf3 {[%clk 00:09:41]} {[%emt 00:00:02]} 8. exf3 {[%clk
00:10:17]} {[%emt 00:00:03]} e5 {[%clk 00:09:42]} {[%emt 00:00:03]} 9. dxe5
{[%clk 00:10:19]} {[%emt 00:00:03]} Nxe5 {[%clk 00:09:43]} {[%emt 00:00:04]} 10.
cxd5 {[%clk 00:10:21]} {[%emt 00:00:05]} cxd5 {[%clk 00:09:45]} {[%emt
00:00:02]} 11. Bb5+ {[%clk 00:10:21]} {[%emt 00:00:05]} Nc6 {[%clk 00:09:28]}
{[%emt 00:00:20]} 12. O-O {[%clk 00:10:03]} {[%emt 00:00:25]} Be7 {[%clk
00:09:18]} {[%emt 00:00:15]} 13. Re1 {[%clk 00:10:06]} {[%emt 00:00:02]} O-O
{[%clk 00:08:28]} {[%emt 00:00:55]} 14. Bxf6 {[%clk 00:09:54]} {[%emt
00:00:16]} Bxf6 {[%clk 00:08:28]} {[%emt 00:00:05]} 15. Nxd5 {[%clk 00:09:56]}
{[%emt 00:00:04]} Bxb2 {[%clk 00:08:06]} {[%emt 00:00:26]} 16. Rb1 {[%clk
00:09:57]} {[%emt 00:00:05]} Ba3 {[%clk 00:07:51]} {[%emt 00:00:17]} 17. Qb3
{[%clk 00:09:29]} {[%emt 00:00:35]} Bc5 {[%clk 00:07:41]} {[%emt 00:00:15]} 18.
Rbc1 {[%clk 00:09:24]} {[%emt 00:00:11]} Na5 {[%clk 00:07:24]} {[%emt
00:00:20]} 19. Qa4 {[%clk 00:09:04]} {[%emt 00:00:27]} Qxd5 {[%clk 00:07:21]}
{[%emt 00:00:08]} 20. Qxa5 {[%clk 00:09:06]} {[%emt 00:00:03]} b6 {[%clk
00:06:59]} {[%emt 00:00:25]} 21. Qa4 {[%clk 00:09:04]} {[%emt 00:00:09]} Ba3
{[%clk 00:06:10]} {[%emt 00:00:53]} 22. Bc6 {[%clk 00:08:47]} {[%emt 00:00:22]}
Qd6 {[%clk 00:06:06]} {[%emt 00:00:06]} 23. Rcd1 {[%clk 00:08:31]} {[%emt
00:00:23]} Qc5 {[%clk 00:06:05]} {[%emt 00:00:06]} 24. Bxa8 {[%clk 00:08:13]}
{[%emt 00:00:25]} Rxa8 {[%clk 00:06:06]} {[%emt 00:00:03]} 25. Re8+ {[%clk
00:08:04]} {[%emt 00:00:15]} Rxe8 {[%clk 00:06:05]} {[%emt 00:00:06]} 26. Qxe8+
{[%clk 00:08:03]} {[%emt 00:00:05]} Qf8 {[%clk 00:06:04]} {[%emt 00:00:07]} 27.
Qxf8+ {[%clk 00:08:00]} {[%emt 00:00:08]} Kxf8 {[%clk 00:06:08]} 28. Rd8+
{[%clk 00:08:01]} {[%emt 00:00:04]} Ke7 {[%clk 00:06:09]} {[%emt 00:00:04]} 29.
Ra8 {[%clk 00:08:04]} {[%emt 00:00:02]} a5 {[%clk 00:06:11]} {[%emt 00:00:02]}
30. Rb8 {[%clk 00:08:07]} {[%emt 00:00:01]} Bc5 {[%clk 00:06:13]} {[%emt
00:00:03]} 31. Kf1 {[%clk 00:08:07]} {[%emt 00:00:06]} Kd6 {[%clk 00:06:15]}
{[%emt 00:00:04]} 32. Ke2 {[%clk 00:08:10]} {[%emt 00:00:02]} Kc7 {[%clk
00:06:18]} {[%emt 00:00:01]} 33. Rg8 {[%clk 00:08:11]} {[%emt 00:00:03]} g5
{[%clk 00:06:21]} {[%emt 00:00:03]} 34. Rh8 {[%clk 00:08:13]} {[%emt 00:00:03]}
b5 {[%clk 00:06:23]} {[%emt 00:00:04]} 35. Rxh6 {[%clk 00:08:14]} {[%emt
00:00:03]} a4 {[%clk 00:06:24]} {[%emt 00:00:03]} 36. Rh5 {[%clk 00:08:11]}
{[%emt 00:00:09]} b4 {[%clk 00:06:27]} {[%emt 00:00:02]} 37. Rxg5 {[%clk
00:08:13]} {[%emt 00:00:03]} Be7 {[%clk 00:06:28]} {[%emt 00:00:02]} 38. Ra5
{[%clk 00:08:13]} {[%emt 00:00:07]} a3 {[%clk 00:06:27]} {[%emt 00:00:06]} 39.
Kd3 {[%clk 00:08:08]} {[%emt 00:00:10]} Kb6 {[%clk 00:06:31]} {[%emt 00:00:02]}
40. Re5 {[%clk 00:08:08]} {[%emt 00:00:04]} Bf6 {[%clk 00:06:20]} {[%emt
00:00:15]} 41. Rf5 {[%clk 00:08:09]} {[%emt 00:00:05]} Bh8 {[%clk 00:06:21]}
{[%emt 00:00:03]} 42. Kc4 {[%clk 00:08:04]} {[%emt 00:00:12]} Kc6 {[%clk
00:06:14]} {[%emt 00:00:12]} 43. Kxb4 {[%clk 00:08:02]} {[%emt 00:00:06]} Bg7
{[%clk 00:06:11]} {[%emt 00:00:07]} 44. Rxf7 {[%clk 00:08:03]} {[%emt
00:00:05]} Bb2 {[%clk 00:06:11]} {[%emt 00:00:04]} 45. h4 {[%clk 00:08:01]}
{[%emt 00:00:08]} Kd5 {[%clk 00:06:14]} {[%emt 00:00:02]} 46. g4 {[%clk
00:07:57]} {[%emt 00:00:10]} Kd4 {[%clk 00:06:17]} {[%emt 00:00:01]} 47. g5
{[%clk 00:08:00]} {[%emt 00:00:02]} Kd3 {[%clk 00:06:21]} {[%emt 00:00:01]} 48.
g6 {[%clk 00:08:04]} {[%emt 00:00:02]} 1-0

[Event "World Youth & Cadets Rapid Championships"]
[Site "Rhodes, Greece"]
[Date "2022.05.01"]
[Round "5.1"]
[White "Koziorowicz, Michal"]
[Black "Kushko, Dmitriy"]
[Result "1/2-1/2"]
[TimeControl "10'/game & 5\"/move"]
[WhiteElo "2076"]
[BlackElo "2311"]

1. e4 {[%clk 00:10:09]} d6 {[%clk 00:10:08]} {[%emt 00:00:02]} 2. d4 {[%clk
00:10:13]} {[%emt 00:00:02]} Nf6 {[%clk 00:10:11]} {[%emt 00:00:02]} 3. Nc3
{[%clk 00:10:16]} {[%emt 00:00:01]} g6 {[%clk 00:10:14]} {[%emt 00:00:02]} 4.
Be3 {[%clk 00:10:20]} {[%emt 00:00:01]} c6 {[%clk 00:10:16]} {[%emt 00:00:03]}
5. h4 {[%clk 00:10:21]} {[%emt 00:00:05]} h5 {[%clk 00:09:47]} {[%emt
00:00:32]} 6. Nf3 {[%clk 00:10:20]} {[%emt 00:00:07]} Bg7 {[%clk 00:09:43]}
{[%emt 00:00:09]} 7. Ng5 {[%clk 00:10:21]} {[%emt 00:00:05]} Ng4 {[%clk
00:06:10]} {[%emt 00:03:37]} 8. Qd2 {[%clk 00:10:08]} {[%emt 00:00:18]} Nxe3
{[%clk 00:06:08]} {[%emt 00:00:07]} 9. Qxe3 {[%clk 00:10:12]} {[%emt 00:00:01]}
Nd7 {[%clk 00:04:27]} {[%emt 00:01:47]} 10. O-O-O {[%clk 00:09:58]} {[%emt
00:00:18]} Nf6 {[%clk 00:04:14]} {[%emt 00:00:16]} 11. f3 {[%clk 00:09:57]}
{[%emt 00:00:08]} Nh7 {[%clk 00:03:58]} {[%emt 00:00:21]} 12. Be2 {[%clk
00:09:16]} {[%emt 00:00:46]} Nxg5 {[%clk 00:02:39]} {[%emt 00:01:25]} 13. hxg5
{[%clk 00:09:19]} {[%emt 00:00:02]} Be6 {[%clk 00:02:42]} {[%emt 00:00:01]} 14.
g4 {[%clk 00:09:12]} {[%emt 00:00:13]} hxg4 {[%clk 00:02:33]} {[%emt 00:00:14]}
15. Rxh8+ {[%clk 00:09:15]} {[%emt 00:00:02]} Bxh8 {[%clk 00:02:37]} 16. fxg4
{[%clk 00:08:50]} {[%emt 00:00:30]} Qb6 {[%clk 00:02:37]} {[%emt 00:00:05]} 17.
Qd3 {[%clk 00:07:52]} {[%emt 00:01:02]} O-O-O {[%clk 00:02:31]} {[%emt
00:00:11]} 18. d5 {[%clk 00:07:01]} {[%emt 00:00:56]} Bd7 {[%clk 00:02:23]}
{[%emt 00:00:13]} 19. Rf1 {[%clk 00:06:59]} {[%emt 00:00:07]} Rf8 {[%clk
00:02:14]} {[%emt 00:00:14]} 20. Kb1 {[%clk 00:05:54]} {[%emt 00:01:10]} Be5
{[%clk 00:02:15]} {[%emt 00:00:04]} 21. Qc4 {[%clk 00:05:45]} {[%emt 00:00:15]}
Kb8 {[%clk 00:01:49]} {[%emt 00:00:30]} 22. Qb3 {[%clk 00:05:01]} {[%emt
00:00:50]} Qxb3 {[%clk 00:01:39]} {[%emt 00:00:14]} 23. axb3 {[%clk 00:05:04]}
{[%emt 00:00:02]} f6 {[%clk 00:00:57]} {[%emt 00:00:48]} 24. dxc6 {[%clk
00:03:02]} {[%emt 00:02:07]} bxc6 {[%clk 00:00:57]} {[%emt 00:00:04]} 25. gxf6
{[%clk 00:02:42]} {[%emt 00:00:26]} Rxf6 {[%clk 00:01:00]} {[%emt 00:00:02]} 26.
Rxf6 {[%clk 00:02:43]} {[%emt 00:00:04]} Bxf6 {[%clk 00:00:38]} {[%emt
00:00:27]} 27. Kc1 {[%clk 00:02:45]} {[%emt 00:00:02]} Bg5+ {[%clk 00:00:32]}
{[%emt 00:00:11]} 28. Kd1 {[%clk 00:02:50]} Kc7 {[%emt 00:00:04]} 29. Bf3
{[%clk 00:02:51]} {[%emt 00:00:03]} Bf4 {[%clk 00:00:29]} {[%emt 00:00:10]} 30.
Ne2 {[%clk 00:02:23]} {[%emt 00:00:32]} Be5 {[%clk 00:00:32]} {[%emt 00:00:02]}
31. c3 {[%clk 00:02:26]} {[%emt 00:00:03]} a5 {[%clk 00:00:34]} {[%emt
00:00:03]} 32. Kc2 {[%clk 00:02:25]} {[%emt 00:00:06]} c5 {[%clk 00:00:27]}
{[%emt 00:00:12]} 33. Nc1 {[%clk 00:02:28]} Kb6 {[%emt 00:00:21]} 34. Nd3
{[%clk 00:02:32]} Bg3 {[%clk 00:00:09]} {[%emt 00:00:09]} 35. Kd2 {[%clk
00:02:02]} {[%emt 00:00:34]} Be6 {[%clk 00:00:13]} {[%emt 00:00:02]} 36. Bd1
{[%clk 00:02:02]} {[%emt 00:00:05]} Bh4 {[%clk 00:00:16]} {[%emt 00:00:02]} 37.
Kc2 {[%clk 00:02:01]} {[%emt 00:00:07]} Bg5 {[%clk 00:00:17]} {[%emt 00:00:03]}
38. Bf3 {[%clk 00:01:56]} {[%emt 00:00:10]} Bf7 {[%clk 00:00:13]} {[%emt
00:00:09]} 39. Nf2 {[%clk 00:01:44]} {[%emt 00:00:17]} Bf6 {[%clk 00:00:14]}
{[%emt 00:00:04]} 40. Nd1 {[%clk 00:01:46]} {[%emt 00:00:03]} Bg5 {[%clk
00:00:13]} {[%emt 00:00:07]} 41. Nf2 {[%clk 00:01:50]} Kc7 {[%clk 00:00:11]}
{[%emt 00:00:07]} 42. Nd3 {[%clk 00:01:51]} {[%emt 00:00:03]} Kb6 {[%clk
00:00:10]} {[%emt 00:00:06]} 43. Nf2 {[%clk 00:01:55]} {[%emt 00:00:01]} c4
{[%clk 00:00:14]} {[%emt 00:00:02]} 44. bxc4 {[%clk 00:01:53]} {[%emt
00:00:07]} Bxc4 {[%clk 00:00:18]} 45. b3 {[%clk 00:01:53]} {[%emt 00:00:05]}
Bf7 {[%clk 00:00:22]} 46. Nd3 {[%clk 00:01:56]} {[%emt 00:00:02]} Bf6 {[%clk
00:00:22]} {[%emt 00:00:05]} 47. Nb2 {[%clk 00:01:58]} {[%emt 00:00:03]} g5
{[%clk 00:00:22]} {[%emt 00:00:05]} 48. Na4+ {[%clk 00:02:00]} {[%emt
00:00:02]} Kc7 {[%clk 00:00:25]} {[%emt 00:00:02]} 49. Nb2 {[%clk 00:02:00]}
{[%emt 00:00:06]} Kb6 {[%clk 00:00:16]} {[%emt 00:00:13]} 50. Na4+ {[%clk
00:02:04]} {[%emt 00:00:02]} Ka7 {[%clk 00:00:16]} {[%emt 00:00:04]} 51. Nb2
{[%clk 00:02:06]} {[%emt 00:00:04]} Be5 {[%clk 00:00:17]} {[%emt 00:00:03]} 52.
Be2 {[%clk 00:02:10]} {[%emt 00:00:02]} Be6 {[%clk 00:00:08]} {[%emt 00:00:13]}
53. Nc4 {[%clk 00:02:10]} {[%emt 00:00:05]} Bxc4 {[%emt 00:00:02]} 54. Bxc4
{[%clk 00:02:10]} {[%emt 00:00:01]} 1/2-1/2

[Event "World Youth & Cadets Rapid Championships"]
[Site "Rhodes, Greece"]
[Date "2022.05.01"]
[Round "5.2"]
[White "Redzisz, Michal"]
[Black "Nogerbek, Kazybek"]
[Result "0-1"]
[TimeControl "10'/game & 5\"/move"]
[WhiteElo "2068"]
[BlackElo "2308"]

1. d4 {[%clk 00:10:08]} Nf6 {[%clk 00:10:09]} {[%emt 00:00:02]} 2. c4 {[%clk
00:10:11]} {[%emt 00:00:02]} e6 {[%clk 00:10:11]} {[%emt 00:00:03]} 3. Nc3
{[%clk 00:10:13]} {[%emt 00:00:03]} d5 {[%clk 00:10:12]} {[%emt 00:00:05]} 4.
cxd5 {[%clk 00:10:14]} {[%emt 00:00:03]} exd5 {[%clk 00:10:14]} {[%emt
00:00:04]} 5. Bg5 {[%clk 00:10:16]} {[%emt 00:00:02]} c6 {[%clk 00:10:16]}
{[%emt 00:00:03]} 6. Qc2 {[%clk 00:10:15]} {[%emt 00:00:05]} Be7 {[%clk
00:10:12]} {[%emt 00:00:10]} 7. e3 {[%clk 00:10:18]} {[%emt 00:00:03]} Nbd7
{[%clk 00:10:10]} {[%emt 00:00:07]} 8. Bd3 {[%clk 00:10:19]} {[%emt 00:00:04]}
O-O {[%clk 00:10:11]} {[%emt 00:00:03]} 9. Nge2 {[%clk 00:10:21]} {[%emt
00:00:03]} h6 {[%clk 00:10:13]} {[%emt 00:00:03]} 10. Bh4 {[%clk 00:10:14]}
{[%emt 00:00:12]} Re8 {[%clk 00:09:06]} {[%emt 00:01:12]} 11. O-O {[%clk
00:10:11]} {[%emt 00:00:04]} Ne4 {[%clk 00:09:09]} {[%emt 00:00:07]} 12. Bxe7
{[%clk 00:10:10]} {[%emt 00:00:06]} Qxe7 {[%clk 00:09:11]} {[%emt 00:00:02]} 13.
Rae1 {[%clk 00:08:50]} {[%emt 00:01:25]} Ndf6 {[%clk 00:08:54]} {[%emt
00:00:21]} 14. f3 {[%clk 00:08:48]} {[%emt 00:00:08]} Nxc3 {[%clk 00:08:30]}
{[%emt 00:00:29]} 15. Nxc3 {[%clk 00:08:44]} {[%emt 00:00:08]} Qd6 {[%clk
00:07:58]} {[%emt 00:00:38]} 16. Qf2 {[%clk 00:08:42]} {[%emt 00:00:07]} Bd7
{[%clk 00:07:50]} {[%emt 00:00:14]} 17. h3 {[%clk 00:06:43]} {[%emt 00:02:03]}
c5 {[%clk 00:07:22]} {[%emt 00:00:34]} 18. dxc5 {[%clk 00:04:23]} {[%emt
00:02:25]} Qxc5 {[%clk 00:07:26]} {[%emt 00:00:01]} 19. e4 {[%clk 00:03:27]}
{[%emt 00:01:01]} Qxf2+ {[%clk 00:07:26]} {[%emt 00:00:05]} 20. Kxf2 {[%clk
00:03:28]} {[%emt 00:00:04]} Bc6 {[%clk 00:06:47]} {[%emt 00:00:44]} 21. exd5
{[%clk 00:02:11]} {[%emt 00:01:22]} Bxd5 {[%clk 00:06:46]} {[%emt 00:00:06]} 22.
Bb5 {[%clk 00:01:43]} {[%emt 00:00:33]} Rec8 {[%clk 00:06:33]} {[%emt
00:00:17]} 23. Re5 {[%clk 00:01:22]} {[%emt 00:00:27]} Be6 {[%clk 00:06:34]}
{[%emt 00:00:03]} 24. Rd1 {[%clk 00:01:05]} {[%emt 00:00:22]} Kf8 {[%clk
00:06:14]} {[%emt 00:00:25]} 25. a3 {[%clk 00:00:57]} {[%emt 00:00:14]} a6
{[%clk 00:06:07]} {[%emt 00:00:12]} 26. Bd3 {[%clk 00:01:00]} {[%emt 00:00:02]}
Nd7 {[%clk 00:06:08]} {[%emt 00:00:03]} 27. Re2 {[%clk 00:00:33]} {[%emt
00:00:32]} Bb3 {[%clk 00:06:09]} {[%emt 00:00:04]} 28. Bc2 {[%clk 00:00:33]}
{[%emt 00:00:06]} Bxc2 {[%clk 00:06:05]} {[%emt 00:00:09]} 29. Rxd7 {[%clk
00:00:31]} {[%emt 00:00:07]} Bb3 {[%clk 00:05:34]} {[%emt 00:00:35]} 30. Rxb7
{[%clk 00:00:31]} {[%emt 00:00:05]} Be6 {[%clk 00:05:37]} {[%emt 00:00:03]} 31.
Rb4 {[%clk 00:00:24]} {[%emt 00:00:11]} a5 {[%clk 00:05:38]} {[%emt 00:00:04]}
32. Rd4 {[%clk 00:00:27]} {[%emt 00:00:02]} Rab8 {[%clk 00:05:39]} {[%emt
00:00:04]} 33. Ne4 {[%clk 00:00:16]} {[%emt 00:00:17]} Rb3 {[%clk 00:05:32]}
{[%emt 00:00:11]} 34. Nc3 {[%clk 00:00:14]} {[%emt 00:00:07]} Rcb8 {[%clk
00:05:33]} {[%emt 00:00:05]} 35. Nd1 {[%clk 00:00:09]} {[%emt 00:00:10]} R3b5
{[%clk 00:05:29]} {[%emt 00:00:09]} 36. Ke3 {[%clk 00:00:07]} {[%emt 00:00:07]}
h5 {[%clk 00:05:18]} {[%emt 00:00:16]} 37. Red2 {[%clk 00:00:11]} {[%emt
00:00:01]} Ke7 {[%clk 00:05:20]} {[%emt 00:00:03]} 38. g4 {[%clk 00:00:09]}
{[%emt 00:00:06]} g5 {[%clk 00:04:34]} {[%emt 00:00:51]} 39. Kf2 {[%clk
00:00:09]} {[%emt 00:00:06]} Kf6 {[%clk 00:04:11]} {[%emt 00:00:28]} 40. gxh5
{[%clk 00:00:11]} {[%emt 00:00:03]} Bxh3 {[%clk 00:04:06]} {[%emt 00:00:10]} 41.
Rc2 {[%clk 00:00:07]} {[%emt 00:00:09]} Be6 {[%clk 00:04:08]} {[%emt 00:00:03]}
42. Rc6 {[%clk 00:00:07]} {[%emt 00:00:04]} Rh8 {[%clk 00:04:09]} {[%emt
00:00:04]} 43. b4 {[%clk 00:00:10]} {[%emt 00:00:03]} axb4 {[%clk 00:04:12]}
{[%emt 00:00:02]} 44. Rxb4 {[%clk 00:00:13]} {[%emt 00:00:02]} Ra5 {[%clk
00:04:12]} {[%emt 00:00:05]} 45. a4 {[%clk 00:00:09]} {[%emt 00:00:09]} Rxh5
{[%clk 00:04:15]} 46. Ne3 {[%clk 00:00:12]} {[%emt 00:00:02]} Kg7 {[%clk
00:04:01]} {[%emt 00:00:20]} 47. Rd6 {[%clk 00:00:07]} {[%emt 00:00:10]} Re5
{[%clk 00:04:02]} {[%emt 00:00:03]} 48. Re4 {[%clk 00:00:08]} {[%emt 00:00:04]}
Ra5 {[%clk 00:03:59]} {[%emt 00:00:08]} 49. Rb6 {[%clk 00:00:08]} {[%emt
00:00:06]} Rh2+ {[%clk 00:04:03]} 50. Kg3 {[%clk 00:00:12]} Ra2 {[%clk
00:04:04]} {[%emt 00:00:03]} 51. Rbb4 {[%clk 00:00:08]} {[%emt 00:00:10]} Ra6
{[%clk 00:04:07]} {[%emt 00:00:02]} 52. Ng4 {[%clk 00:00:09]} {[%emt 00:00:03]}
f5 {[%clk 00:03:58]} {[%emt 00:00:15]} 53. Rb7+ {[%clk 00:00:13]} Kg6 {[%clk
00:03:58]} {[%emt 00:00:05]} 54. Ne5+ {[%clk 00:00:07]} {[%emt 00:00:11]} Kf6
{[%clk 00:04:02]} {[%emt 00:00:01]} 0-1

[Event "World Youth & Cadets Rapid Championships"]
[Site "Rhodes, Greece"]
[Date "2022.05.01"]
[Round "5.3"]
[White "Rakhmatullaev, Almas"]
[Black "Tobak, Mikhail"]
[Result "0-1"]
[TimeControl "10'/game & 5\"/move"]
[WhiteElo "2050"]
[BlackElo "2159"]

1. e4 {[%clk 00:09:33]} {[%emt 00:00:36]} Nf6 {[%clk 00:10:06]} {[%emt
00:00:05]} 2. e5 {[%clk 00:09:17]} {[%emt 00:00:20]} Nd5 {[%clk 00:10:08]}
{[%emt 00:00:03]} 3. c4 {[%clk 00:09:17]} {[%emt 00:00:05]} Nb6 {[%clk
00:10:11]} {[%emt 00:00:02]} 4. d4 {[%clk 00:09:20]} {[%emt 00:00:02]} d6
{[%clk 00:10:15]} {[%emt 00:00:01]} 5. exd6 {[%clk 00:09:22]} {[%emt 00:00:04]}
cxd6 {[%clk 00:10:18]} {[%emt 00:00:02]} 6. Nc3 {[%clk 00:08:59]} {[%emt
00:00:28]} g6 {[%clk 00:10:21]} {[%emt 00:00:02]} 7. Be3 {[%clk 00:08:48]}
{[%emt 00:00:15]} Bg7 {[%clk 00:10:23]} {[%emt 00:00:03]} 8. Nf3 {[%clk
00:08:20]} {[%emt 00:00:33]} O-O {[%clk 00:10:15]} {[%emt 00:00:12]} 9. Be2
{[%clk 00:08:07]} {[%emt 00:00:19]} Nc6 {[%clk 00:10:13]} {[%emt 00:00:08]} 10.
Rc1 {[%clk 00:07:31]} {[%emt 00:00:40]} Bg4 {[%clk 00:10:08]} {[%emt 00:00:10]}
11. b3 {[%clk 00:07:28]} {[%emt 00:00:08]} d5 {[%clk 00:10:08]} {[%emt
00:00:05]} 12. c5 {[%clk 00:07:00]} {[%emt 00:00:34]} Nc8 {[%clk 00:10:10]}
{[%emt 00:00:03]} 13. h3 {[%clk 00:06:51]} {[%emt 00:00:13]} Bxf3 {[%clk
00:10:13]} {[%emt 00:00:02]} 14. Bxf3 {[%clk 00:06:55]} {[%emt 00:00:02]} e6
{[%clk 00:10:06]} {[%emt 00:00:12]} 15. O-O {[%clk 00:05:14]} {[%emt 00:01:46]}
N8e7 {[%clk 00:10:08]} {[%emt 00:00:02]} 16. Ne2 {[%clk 00:03:56]} {[%emt
00:01:24]} Nf5 {[%clk 00:10:09]} {[%emt 00:00:03]} 17. g3 {[%clk 00:03:59]}
{[%emt 00:00:02]} Qf6 {[%clk 00:09:59]} {[%emt 00:00:15]} 18. Kg2 {[%clk
00:03:08]} {[%emt 00:00:56]} Nfxd4 {[%clk 00:09:52]} {[%emt 00:00:13]} 19. Nxd4
{[%clk 00:03:06]} {[%emt 00:00:07]} Nxd4 {[%clk 00:09:55]} {[%emt 00:00:02]} 20.
Bxd4 {[%clk 00:02:59]} {[%emt 00:00:12]} Qxd4 {[%clk 00:09:58]} {[%emt
00:00:02]} 21. Qxd4 {[%clk 00:03:01]} {[%emt 00:00:03]} Bxd4 {[%clk 00:10:01]}
{[%emt 00:00:02]} 22. c6 {[%clk 00:03:04]} {[%emt 00:00:01]} bxc6 {[%clk
00:09:32]} {[%emt 00:00:35]} 23. Rxc6 {[%clk 00:03:07]} {[%emt 00:00:01]} a5
{[%clk 00:09:12]} {[%emt 00:00:26]} 24. Rd1 {[%clk 00:03:07]} {[%emt 00:00:04]}
Bg7 {[%clk 00:09:10]} {[%emt 00:00:07]} 25. Rd3 {[%clk 00:02:01]} {[%emt
00:01:11]} Rfc8 {[%clk 00:08:35]} {[%emt 00:00:40]} 26. Rb6 {[%clk 00:01:45]}
{[%emt 00:00:22]} Rc2 {[%clk 00:08:30]} {[%emt 00:00:10]} 27. Rb7 {[%clk
00:00:49]} {[%emt 00:01:01]} Rxa2 {[%clk 00:08:22]} {[%emt 00:00:12]} 28. Bd1
{[%clk 00:00:53]} {[%emt 00:00:02]} Ra1 {[%clk 00:07:53]} {[%emt 00:00:34]} 29.
Be2 {[%clk 00:00:42]} {[%emt 00:00:15]} Re1 {[%clk 00:07:31]} {[%emt 00:00:27]}
30. Bf1 {[%clk 00:00:18]} {[%emt 00:00:29]} Re5 {[%clk 00:06:39]} {[%emt
00:00:57]} 31. g4 {[%clk 00:00:16]} {[%emt 00:00:08]} Bf6 {[%clk 00:04:31]}
{[%emt 00:02:13]} 32. Rc3 {[%clk 00:00:09]} {[%emt 00:00:12]} Rf8 {[%clk
00:03:10]} {[%emt 00:01:26]} 33. Rcc7 {[%clk 00:00:10]} {[%emt 00:00:04]} Re4
{[%clk 00:03:05]} {[%emt 00:00:10]} 34. Ra7 {[%clk 00:00:08]} {[%emt 00:00:07]}
Rb4 {[%clk 00:03:01]} {[%emt 00:00:09]} 35. Rcb7 {[%clk 00:00:06]} {[%emt
00:00:07]} Rxb7 {[%clk 00:02:52]} {[%emt 00:00:13]} 36. Rxb7 {[%clk 00:00:10]}
Be5 {[%clk 00:02:54]} {[%emt 00:00:04]} 37. Bb5 {[%clk 00:00:10]} {[%emt
00:00:05]} Rb8 {[%clk 00:02:47]} {[%emt 00:00:12]} 38. Rxb8+ {[%clk 00:00:08]}
{[%emt 00:00:07]} Bxb8 {[%clk 00:02:50]} {[%emt 00:00:02]} 39. Kf3 {[%clk
00:00:09]} {[%emt 00:00:03]} Kf8 {[%clk 00:02:47]} {[%emt 00:00:09]} 40. Ke3
{[%clk 00:00:10]} {[%emt 00:00:03]} Ke7 {[%clk 00:02:52]} {[%emt 00:00:01]} 41.
f4 {[%clk 00:00:15]} f6 {[%clk 00:02:50]} {[%emt 00:00:07]} 42. f5 {[%clk
00:00:16]} {[%emt 00:00:04]} gxf5 {[%clk 00:02:46]} {[%emt 00:00:09]} 43. gxf5
{[%clk 00:00:19]} {[%emt 00:00:01]} e5 {[%clk 00:02:49]} {[%emt 00:00:03]} 44.
Kf3 {[%clk 00:00:14]} {[%emt 00:00:10]} e4+ {[%clk 00:02:51]} {[%emt 00:00:03]}
45. Kg4 {[%clk 00:00:17]} d4 {[%clk 00:02:55]} {[%emt 00:00:02]} 46. Bc6 {[%clk
00:00:19]} {[%emt 00:00:03]} e3 {[%clk 00:02:44]} {[%emt 00:00:16]} 47. Bb5
{[%clk 00:00:22]} {[%emt 00:00:02]} Kd6 {[%clk 00:02:44]} {[%emt 00:00:05]} 48.
Kh5 {[%clk 00:00:20]} {[%emt 00:00:07]} Kc5 {[%clk 00:02:43]} {[%emt 00:00:06]}
49. Ba6 {[%clk 00:00:17]} {[%emt 00:00:07]} Kb4 {[%clk 00:02:39]} {[%emt
00:00:10]} 50. Kh6 {[%clk 00:00:20]} Kc3 {[%clk 00:02:42]} {[%emt 00:00:02]} 51.
Kg7 {[%clk 00:00:20]} {[%emt 00:00:05]} d3 {[%clk 00:02:45]} {[%emt 00:00:03]}
52. Kxf6 {[%clk 00:00:23]} {[%emt 00:00:02]} e2 {[%clk 00:02:48]} {[%emt
00:00:02]} 0-1

[Event "World Youth & Cadets Rapid Championships"]
[Site "Rhodes, Greece"]
[Date "2022.05.01"]
[Round "5.4"]
[White "Chyzy, Jakub"]
[Black "Javornik, Nik"]
[Result "1-0"]
[TimeControl "10'/game & 5\"/move"]
[WhiteElo "1951"]
[BlackElo "1864"]

1. e4 {[%clk 00:10:08]} c5 {[%clk 00:10:09]} {[%emt 00:00:02]} 2. Nc3 {[%clk
00:10:12]} {[%emt 00:00:02]} Nc6 {[%clk 00:10:11]} {[%emt 00:00:03]} 3. Bb5
{[%clk 00:10:16]} {[%emt 00:00:02]} g6 {[%clk 00:10:10]} {[%emt 00:00:05]} 4.
Bxc6 bxc6 {[%clk 00:10:07]} 5. d3 {[%clk 00:09:29]} {[%emt 00:00:49]} Bg7
{[%emt 00:00:08]} 6. f4 {[%clk 00:09:32]} d6 {[%clk 00:09:31]} {[%emt
00:00:39]} 7. Nf3 {[%clk 00:09:22]} {[%emt 00:00:16]} Nf6 {[%clk 00:09:20]}
{[%emt 00:00:15]} 8. O-O {[%clk 00:09:22]} {[%emt 00:00:06]} O-O {[%clk
00:09:22]} {[%emt 00:00:02]} 9. Qe1 {[%clk 00:08:30]} {[%emt 00:00:58]} Qb6
{[%clk 00:07:01]} {[%emt 00:02:25]} 10. Kh1 {[%clk 00:08:18]} {[%emt 00:00:18]}
Bb7 {[%clk 00:05:12]} {[%emt 00:01:55]} 11. e5 {[%clk 00:07:32]} {[%emt
00:00:51]} Nd5 {[%clk 00:04:59]} {[%emt 00:00:17]} 12. Ne4 {[%clk 00:06:01]}
{[%emt 00:01:36]} Nb4 {[%clk 00:04:44]} {[%emt 00:00:19]} 13. Qf2 {[%clk
00:05:36]} {[%emt 00:00:31]} c4 {[%clk 00:03:40]} {[%emt 00:01:09]} 14. a3
{[%clk 00:03:36]} {[%emt 00:02:05]} Qa6 {[%clk 00:02:02]} {[%emt 00:01:44]} 15.
exd6 {[%clk 00:02:55]} {[%emt 00:00:45]} cxd3 {[%clk 00:01:20]} {[%emt
00:00:47]} 16. Nc5 {[%clk 00:02:59]} Qb6 {[%clk 00:00:50]} {[%emt 00:00:36]} 17.
axb4 {[%clk 00:02:34]} {[%emt 00:00:30]} exd6 {[%clk 00:00:51]} {[%emt
00:00:03]} 18. Nxd3 {[%clk 00:02:21]} {[%emt 00:00:19]} Qc7 {[%clk 00:00:47]}
{[%emt 00:00:09]} 19. Rxa7 {[%clk 00:02:12]} {[%emt 00:00:14]} Rxa7 {[%clk
00:00:44]} {[%emt 00:00:08]} 20. Qxa7 {[%clk 00:02:16]} {[%emt 00:00:01]} c5
{[%clk 00:00:11]} {[%emt 00:00:38]} 21. bxc5 {[%clk 00:02:12]} {[%emt
00:00:09]} Ra8 {[%clk 00:00:15]} 22. Qb6 {[%clk 00:02:01]} {[%emt 00:00:16]}
1-0